000
00294nam a22001217a 4500
082
_a
621.3133 LAN'T
100
_a
LANGSDORF, ALEXANDER S
_9
60125
245
_a
THEORY OF ALTERNATING CURRENT MACHIINERY
250
_a
2ND
260
_a
NEWYORK
_b
MCGRAW HILL
_c
1955
300
_a
666P
942
_c
BK
999
_c
569935
_d
569935